[Event "12th ECC Women"]
[Site "Kemer TUR"]
[Date "2007.10.06"]
[Round "4"]
[White "Socko,M"]
[Black "Lomineishvili,M"]
[Result "1/2-1/2"]
[WhiteElo "2473"]
[BlackElo "2409"]
[EventDate "2007.10.03"]

1. d4 Nf6 2. c4 g6 3. Nc3 Bg7 4. Nf3 d6 5. g3 O-O 6. Bg2 Nc6 7. O-O a6 8.
e4 Bg4 9. Be3 Nd7 10. Ne2 Qc8 11. Rc1 Nf6 12. d5 Ne5 13. Nxe5 dxe5 14. f4
Nh5 15. Qd2 exf4 16. Nxf4 Nxf4 17. gxf4 e5 18. Bc5 Re8 19. f5 gxf5 20. h3
Bh5 21. Qg5 Bg6 22. exf5 f6 23. Qg4 Bf7 24. Be4 Kh8 25. Qh4 Rg8 26. Kh2 Qd8
27. Rg1 Bf8 28. Be3 Qe7 29. Rg4 Rxg4 30. hxg4 Bg7 31. g5 Bg8 32. Rg1 Rf8
33. g6 Rd8 34. Rg3 Rd7 35. Rh3 Bf8 36. Rg3 Bg7 37. a3 b6 38. Rh3 Bf8 39.
Bd2 Qd8 40. Bc3 Bd6 41. Rg3 Rg7 42. Bd2 Bf8 43. Be3 Rd7 44. Rh3 Bc5 45. Bh6
Bf8 46. Bd2 c6 47. Bc3 cxd5 48. Bxd5 Bxd5 49. cxd5 h6 50. Bd2 Kg8 51. Bxh6
Rxd5 52. Be3 Bg7 53. Qc4 b5 54. Qc6 Rd6 55. Qb7 Qd7 56. Qa8+ Qd8 57. Qxd8+
Rxd8 58. Kg2 Rd1 59. Kf3 Bf8 60. Rh2 b4 61. axb4 Bxb4 62. Rc2 a5 63. Rc8+
Kg7 64. Rc7+ Kg8 65. Bh6 Rd8 66. Kg4 Bf8 67. Bxf8 Rxf8 68. Kh5 Re8 69. Kh6
e4 70. Rg7+ Kh8 71. Rh7+ Kg8 72. Rg7+ Kh8 73. Rh7+ Kg8 74. Rg7+ 1/2-1/2

[Event "12th ECC Women"]
[Site "Kemer TUR"]
[Date "2007.10.06"]
[Round "4"]
[White "Gaponenko,I"]
[Black "Lahno,Kateri"]
[Result "1/2-1/2"]
[WhiteElo "2440"]
[BlackElo "2459"]
[EventDate "2007.10.03"]

1. e4 e5 2. Nf3 Nf6 3. Nc3 Nc6 4. Bb5 Bd6 5. d4 Nxd4 6. Nxd4 exd4 7. Qxd4
Qe7 8. O-O c6 9. Be2 O-O 10. Qd3 Re8 11. Bf3 Be5 12. Bd2 b5 13. Rfe1 a5 14.
Nd1 b4 15. c4 Ba6 16. Qc2 Qc5 17. Rc1 Bd4 18. Be3 Re6 19. Bxd4 Qxd4 20. Ne3
Rae8 21. Nf5 Qc5 22. Re3 g6 23. Ng3 d6 24. h3 h5 25. b3 Qg5 26. Nf1 c5 27.
Qe2 Bb7 28. Re1 Nd7 29. g3 Ne5 30. Bg2 Nc6 31. f4 Qe7 32. g4 Nd4 33. Qd3
hxg4 34. hxg4 Qh4 35. Qd1 Qh6 36. f5 Re5 37. Rh3 Qg5 38. Qd2 Qxd2 39. Nxd2
gxf5 40. gxf5 Rxf5 41. Rh6 Rg5 42. Rxd6 Rg3 43. Rb6 Re6 44. Rxe6 fxe6 45.
Rf1 Rc3 46. Rf2 Rc2 47. Nf3 Ne2+ 48. Kh2 Rxa2 49. Ng5 a4 50. bxa4 Nc3 51.
Rxa2 Nxa2 52. Nf3 Nc3 53. Nd2 Nxa4 54. Kg3 e5 55. Bh3 Kf7 56. Kf3 Ke7 57.
Ke3 Nb2 58. Bf1 Ba6 59. Be2 Kd6 60. Kf2 Bc8 61. Kg3 Bd7 62. Kf2 Ba4 63. Ke3
Bc2 64. Nf3 Bb3 65. Nd2 Ba2 66. Bd3 Nd1+ 67. Kf3 b3 68. Bb1 Nb2 69. Ke3
Bxb1 70. Nxb1 Nxc4+ 71. Kd3 Nb6 72. Kc3 c4 73. Kb4 b2 74. Nc3 Kc6 75. Nb1
Kd7 76. Kb5 Kc7 77. Nc3 Kb7 78. Nb1 Ka7 79. Nc3 Kb7 80. Nb1 Kc7 81. Nc3 Nc8
82. Kxc4 Nd6+ 83. Kd5 Kd7 84. Nb1 Nb5 85. Kxe5 Kc6 86. Kf6 Kc5 87. e5 Nc7
88. e6 Nd5+ 89. Kf7 Kd6 90. Nd2 Ke5 1/2-1/2

[Event "12th ECC Women"]
[Site "Kemer TUR"]
[Date "2007.10.06"]
[Round "4"]
[White "Hou Yifan"]
[Black "Zaiatz,E"]
[Result "1/2-1/2"]
[WhiteElo "2502"]
[BlackElo "2366"]
[EventDate "2007.10.03"]

1. e4 e5 2. Nf3 Nc6 3. Bb5 a6 4. Ba4 Nf6 5. O-O Be7 6. Re1 b5 7. Bb3 d6 8.
c3 O-O 9. h3 Nb8 10. d4 Nbd7 11. Nbd2 Bb7 12. Bc2 Re8 13. Nf1 Bf8 14. Ng3
g6 15. b3 c6 16. Bg5 Bg7 17. Qd2 Qe7 18. a4 Qf8 19. Be3 Red8 20. Qe2 Qe7
21. b4 h6 22. Nd2 Nf8 23. Nb3 Rac8 24. axb5 cxb5 25. Qd2 Qc7 26. Na5 Ba8
27. Ra3 exd4 28. Bxd4 Ne6 29. Bb3 Nxd4 30. cxd4 Re8 31. f3 Kh7 32. Ra2 Qa7
33. Kh1 h5 34. Qg5 Qe7 35. Nf1 Bh6 36. Qh4 Nd5 37. Qxe7 Rxe7 38. Bxd5 Bxd5
39. Raa1 Ba8 40. d5 Bg7 41. Rab1 Rc3 42. Ng3 Rec7 43. Ne2 Rc2 44. Kg1 f5
45. Rec1 fxe4 46. fxe4 Rxc1+ 47. Rxc1 Re7 48. Rc8 Bxd5 49. exd5 Rxe2 50.
Kf1 Rd2 51. Rc6 Rxd5 52. Rxa6 Bc3 53. Nc6 Rf5+ 54. Ke2 h4 55. Rb6 Kh6 56.
Kd3 Bf6 57. Ke2 Rg5 58. Kf1 Bc3 59. Rb7 Rd5 60. Ke2 Kg5 61. Ke3 Bd2+ 62.
Ke4 Rf5 63. Nd4 Rf2 64. Rxb5+ Kf6 65. Nf3 Rxg2 66. Nxh4 Re2+ 67. Kd3 Rf2
68. Rb8 Bf4 69. Rf8+ Kg7 70. Nxg6 Kxg6 71. Ke4 Rb2 72. Rxf4 Rxb4+ 73. Kf3
Rxf4+ 1/2-1/2

[Event "12th ECC Women"]
[Site "Kemer TUR"]
[Date "2007.10.06"]
[Round "4"]
[White "Chistiakova,T"]
[Black "Kovalevskaya,E"]
[Result "1/2-1/2"]
[WhiteElo "2363"]
[BlackElo "2448"]
[EventDate "2007.10.03"]

1. d4 Nf6 2. c4 d6 3. Nf3 Nbd7 4. g3 e5 5. Nc3 Be7 6. Bg2 O-O 7. O-O c6 8.
e4 a6 9. b3 Qc7 10. Bb2 b5 11. cxb5 cxb5 12. Rc1 Qb8 13. dxe5 dxe5 14. Nd5
Nxd5 15. Qxd5 Bf6 16. Rfd1 Nb6 17. Qc6 Bg4 18. Rd6 Be7 19. Bxe5 Rc8 20.
Rd8+ Rxd8 21. Bxb8 Raxb8 22. Ne5 Rbc8 23. Nxg4 Rxc6 24. Rxc6 Rd1+ 25. Bf1
Rd6 26. Rxd6 Bxd6 27. Kg2 f6 28. f4 Kf7 29. Kf3 Nd7 30. Ne3 Nb6 31. Nf5 Bc5
32. Bd3 g6 33. Ne3 Ke7 34. h4 Kf7 35. g4 Bd4 36. h5 Kg7 37. Ng2 Nd7 38. Nh4
Bb2 39. Ng2 Nc5 40. Bc2 Ne6 41. Bb1 g5 42. fxg5 fxg5 43. Ne3 Nd4+ 44. Kf2
Nc6 45. Nd5 Be5 46. Bd3 Kf7 47. a4 bxa4 48. bxa4 a5 49. Ke3 Ke6 50. Bb5 Ne7
51. Nb6 Bc7 52. Nc4 Nc8 53. e5 Kd5 54. Kd3 Nb6 55. Nxa5 Kxe5 56. Nc4+ Nxc4
57. Kxc4 h6 58. Kc5 Ba5 59. Bd7 Be1 60. Bf5 Bd2 61. Kb5 Kd6 62. a5 Be3 63.
Kc4 Bg1 64. Kd3 Ke5 65. a6 Ba7 66. Kc4 1/2-1/2

[Event "12th ECC Women"]
[Site "Kemer TUR"]
[Date "2007.10.06"]
[Round "4"]
[White "Kochetkova,J"]
[Black "Shaidullina,S"]
[Result "0-1"]
[WhiteElo "2297"]
[BlackElo "2296"]
[EventDate "2007.10.03"]

1. e4 c5 2. Nf3 Nc6 3. d4 cxd4 4. Nxd4 Nf6 5. Nc3 d6 6. Bg5 Bd7 7. Qd2 h6
8. Bxf6 gxf6 9. Nf5 Qa5 10. Bd3 e6 11. Ne3 O-O-O 12. O-O-O Kb8 13. f4 Nb4
14. Bc4 b5 15. Bb3 Na6 16. Qd4 Be7 17. Rhe1 Nc7 18. Kb1 h5 19. a4 a6 20.
Ba2 b4 21. Ne2 Bxa4 22. f5 Qc5 23. Qd2 a5 24. fxe6 fxe6 25. Nf4 Bc6 26.
Nxe6 Nxe6 27. Bxe6 Bxe4 28. Nd5 Bxd5 29. Bxd5 Rd7 30. Re4 f5 31. Rc4 Qa7
32. Qd3 Rf8 33. Rc6 Rb7 34. Qe2 f4 35. Ra6 Qe3 36. Qc4 Qc5 37. Qxc5 dxc5
38. Bxb7 Kxb7 39. Re6 Bd8 40. Rd5 h4 41. Rxc5 h3 42. gxh3 f3 43. Re1 f2 44.
Rf1 Bb6 45. Rd5 Re8 46. Ka2 Kc6 47. Rd2 Rh8 48. Rd3 Rg8 49. Rg3 Rf8 50. h4
Rf4 51. h5 Rh4 52. Rg6+ Kb5 53. h6 a4 54. Rf6 Rxh2 55. Rd1 Bc5 56. Rd5 Kc4
57. Rd1 b3+ 58. cxb3+ axb3+ 59. Kb1 Be3 60. Rf1 Kd3 61. Rd6+ Ke2 62. Rdd1
Rxh6 63. Rh1 Rg6 64. Rhf1 Rc6 65. Rh1 Bd2 66. Rdf1 Be1 67. Rxf2+ Bxf2 68.
Rh3 Be3 69. Rh1 Rc2 70. Ka1 Bd4 71. Rb1 Kd2 72. Rh1 Bxb2+ 73. Kb1 Rc1+ 0-1

[Event "12th ECC Women"]
[Site "Kemer TUR"]
[Date "2007.10.06"]
[Round "4"]
[White "Zhukova,N"]
[Black "Xu Yuhua"]
[Result "1/2-1/2"]
[WhiteElo "2452"]
[BlackElo "2517"]
[EventDate "2007.10.03"]

1. d4 e6 2. c4 Nf6 3. Nf3 b6 4. Nc3 Bb4 5. Bg5 Bb7 6. Nd2 c5 7. d5 Bxc3 8.
bxc3 Qe7 9. Qc2 exd5 10. cxd5 Bxd5 11. O-O-O Be4 12. Nxe4 Qxe4 13. Bxf6
1/2-1/2

[Event "12th ECC Women"]
[Site "Kemer TUR"]
[Date "2007.10.06"]
[Round "4"]
[White "Ushenina,A"]
[Black "Matveeva,S"]
[Result "1/2-1/2"]
[WhiteElo "2486"]
[BlackElo "2433"]
[EventDate "2007.10.03"]

1. d4 d5 2. Nf3 e6 3. g3 b5 4. Bg2 Bb7 5. O-O Nf6 6. c3 Nbd7 7. Qd3 a6 8.
a4 c5 9. b3 b4 10. cxb4 cxb4 11. Bf4 Rc8 1/2-1/2

[Event "12th ECC Women"]
[Site "Kemer TUR"]
[Date "2007.10.06"]
[Round "4"]
[White "Pogonina,N"]
[Black "Benderac,A"]
[Result "1/2-1/2"]
[WhiteElo "2462"]
[BlackElo "2328"]
[EventDate "2007.10.03"]

1. e4 c6 2. d4 d5 3. Nc3 dxe4 4. Nxe4 Nd7 5. Bd3 Ngf6 6. Ng5 e6 7. N1f3 Bd6
8. Qe2 h6 9. Ne4 Nxe4 10. Qxe4 Nf6 11. Qe2 Qc7 12. Bd2 b6 13. O-O-O Bb7 14.
Ne5 O-O-O 15. f4 c5 16. dxc5 Bxc5 17. Kb1 Nd5 18. Rhf1 Rhe8 19. a3 Kb8 20.
Bb5 Re7 21. g4 Qc8 22. c4 Nf6 23. Bc1 Bd6 24. Rd4 Bxe5 25. Qxe5+ Ka8 26.
Rfd1 Rxd4 27. Rxd4 a6 28. Ba4 Rc7 29. Qe2 b5 30. g5 bxa4 31. gxf6 gxf6 32.
Be3 Rd7 33. Qd3 Rxd4 1/2-1/2

[Event "12th ECC Women"]
[Site "Kemer TUR"]
[Date "2007.10.06"]
[Round "4"]
[White "Paehtz,E"]
[Black "Cmilyte,V"]
[Result "0-1"]
[WhiteElo "2452"]
[BlackElo "2464"]
[EventDate "2007.10.03"]

1. e4 c5 2. Nc3 Nc6 3. Bb5 Nd4 4. Bc4 g6 5. Nf3 Bg7 6. O-O e6 7. Nxd4 cxd4
8. Nb5 d6 9. c3 Nf6 10. cxd4 Nxe4 11. d3 Nf6 12. Bf4 O-O 13. Bxd6 a6 14.
Bxf8 Kxf8 15. Nc3 b5 16. Bb3 Qxd4 17. Qf3 Rb8 18. Qg3 Nd7 19. Rae1 Bb7 20.
Ne4 Be5 21. Qh3 Kg7 22. Ng5 Nf8 23. Qe3 Bf6 24. Qxd4 Bxd4 25. Bc2 Bb6 26.
Bd1 h6 27. Ne4 f5 28. Nc3 Kf6 29. Bb3 e5 30. a4 b4 31. Nd5+ Bxd5 32. Bxd5
Bd4 0-1

[Event "12th ECC Women"]
[Site "Kemer TUR"]
[Date "2007.10.06"]
[Round "4"]
[White "Turova,I"]
[Black "Kursova,M"]
[Result "0-1"]
[WhiteElo "2383"]
[BlackElo "2358"]
[EventDate "2007.10.03"]

1. d4 Nf6 2. c4 e6 3. Nc3 Bb4 4. Qc2 O-O 5. Nf3 d6 6. Bg5 Nbd7 7. e3 h6 8.
Bh4 b6 9. Bd3 Bb7 10. O-O Bxc3 11. bxc3 c5 12. Nd2 Qc7 13. Qd1 Rfe8 14. f3
Rac8 15. Rc1 Nh7 16. Qc2 Nhf6 17. Rfe1 Bc6 18. h3 Bb7 19. Bg3 Nb8 20. Bh2
Qe7 21. Qd1 Nc6 22. Qe2 Ba6 23. Rb1 Red8 24. Rec1 e5 25. d5 Nb8 26. g4 Nbd7
27. Bg3 Rf8 28. h4 Rc7 29. Kg2 Bc8 30. e4 h5 31. g5 Nh7 32. Qe3 g6 0-1

[Event "12th ECC Women"]
[Site "Kemer TUR"]
[Date "2007.10.06"]
[Round "4"]
[White "Kovanova,B"]
[Black "Sudakova,I"]
[Result "1/2-1/2"]
[WhiteElo "2346"]
[BlackElo "2326"]
[EventDate "2007.10.03"]

1. e4 e5 2. Nf3 d6 3. Bc4 Be6 4. Bxe6 fxe6 5. d4 exd4 6. Nxd4 Qd7 7. Nc3
Nc6 8. Nxc6 Qxc6 9. Bg5 Qd7 10. Qd4 e5 11. Qd5 c6 12. Qd2 Be7 13. O-O-O
Bxg5 14. Qxg5 Qe7 15. Qd2 Nf6 1/2-1/2

[Event "12th ECC Women"]
[Site "Kemer TUR"]
[Date "2007.10.06"]
[Round "4"]
[White "Khurtsidze,N"]
[Black "Kaya,E"]
[Result "1-0"]
[WhiteElo "2450"]
[BlackElo "1883"]
[EventDate "2007.10.03"]

1. d4 Nf6 2. c4 g6 3. Nc3 Bg7 4. e4 d6 5. Nf3 O-O 6. h3 c5 7. d5 e6 8. Bd3
exd5 9. cxd5 Re8 10. O-O Na6 11. Re1 Nc7 12. a4 b6 13. Bf4 a6 14. Qd2 Rb8
15. Rab1 b5 16. axb5 Nxb5 17. Bxb5 axb5 18. b4 Qb6 19. Bxd6 Qxd6 20. e5 Qb6
21. exf6 Rxe1+ 22. Rxe1 Bxf6 23. bxc5 Qxc5 24. Qf4 Qb6 25. Re8+ Kg7 26. Ne4
Ra8 27. Nxf6 Qxf6 28. Rg8+ 1-0

[Event "12th ECC Women"]
[Site "Kemer TUR"]
[Date "2007.10.06"]
[Round "4"]
[White "Dincok,G"]
[Black "Mkrtchian,L"]
[Result "0-1"]
[WhiteElo "1755"]
[BlackElo "2402"]
[EventDate "2007.10.03"]

1. e4 e6 2. d4 d5 3. Nd2 c5 4. exd5 Qxd5 5. Ngf3 cxd4 6. Bc4 Qd6 7. O-O Nf6
8. Nb3 Nc6 9. Nbxd4 Nxd4 10. Qxd4 Bd7 11. Bf4 Qxd4 12. Nxd4 Rc8 13. Be2 Bc5
14. Nb3 Bb6 15. c4 Ke7 16. Rad1 Ne4 17. Nd2 Nxd2 18. Rxd2 Bc5 19. a3 a5 20.
b4 axb4 21. axb4 Bxb4 22. Rb2 Bd6 23. Bxd6+ Kxd6 24. Rxb7 Be8 25. Rd1+ Kc5
26. Ra7 Rf8 27. Ra5+ Kb4 28. Re5 Bc6 29. c5 Bd5 30. Rb1+ Kxc5 31. Re3 Rb8
32. Rc1+ Kd6 33. Ra1 Rfc8 34. h3 Rb2 35. Bf3 Rcc2 36. Bxd5 exd5 37. Rf3 f6
38. Ra7 Rc1+ 39. Kh2 Rc7 40. Ra6+ Rc6 41. Ra7 Rc7 42. Ra6+ Ke5 43. Ra5 Rd2
44. Kg3 Rdc2 45. Ra8 R2c3 46. Re3+ Kd4 47. Ra4+ R7c4 48. Ra5 Rxe3+ 49.
fxe3+ Ke4 50. Ra7 Kxe3 51. Rxg7 h5 52. h4 Re4 53. Rh7 Re5 54. Ra7 d4 0-1

[Event "12th ECC Women"]
[Site "Kemer TUR"]
[Date "2007.10.06"]
[Round "4"]
[White "Gerasimovitch,O"]
[Black "Sharevich,A"]
[Result "1/2-1/2"]
[WhiteElo "2184"]
[BlackElo "2289"]
[EventDate "2007.10.03"]

1. e4 c5 2. Nf3 e6 3. d4 cxd4 4. Nxd4 a6 5. Bd3 Bc5 6. Nb3 Be7 7. O-O d6 8.
c4 Nf6 9. Nc3 Nbd7 10. f4 Qc7 11. Qe2 b6 12. Bd2 Bb7 13. Rae1 h5 14. e5
dxe5 15. fxe5 Ng4 16. Bf4 g5 17. Bg3 h4 18. Qxg4 hxg3 19. Qxg3 Nc5 20. Ne4
O-O-O 21. Nexc5 Bxc5+ 22. Nxc5 Qxc5+ 23. Kh1 Rd4 24. Be2 Rdh4 25. Bf3 Bxf3
26. Rxf3 Rxh2+ 27. Qxh2 Rxh2+ 28. Kxh2 Qd4 29. Re2 Qh4+ 30. Kg1 Qd4+ 31.
Kh2 Qh4+ 32. Kg1 Qh5 33. Ref2 g4 34. Rxf7 Qxe5 1/2-1/2

[Event "12th ECC Women"]
[Site "Kemer TUR"]
[Date "2007.10.06"]
[Round "4"]
[White "Melamed,T"]
[Black "Khudaya,A"]
[Result "0-1"]
[WhiteElo "2363"]
[BlackElo "2088"]
[EventDate "2007.10.03"]

1. e4 c5 2. Nf3 Nc6 3. Bb5 g6 4. Bxc6 dxc6 5. d3 Bg7 6. h3 b6 7. Nc3 e5 8.
Be3 Ne7 9. Qd2 h6 10. Ne2 Qd6 11. c3 Ba6 12. O-O-O O-O-O 13. c4 f5 14. Qc3
Rhg8 15. Qa3 Kb7 16. Kc2 g5 17. Nc3 f4 18. Bc1 Bf8 19. Na4 g4 20. hxg4 Rxg4
21. Rdg1 Bg7 22. Qc3 Ka8 23. b3 b5 24. Nb2 Qc7 25. Qe1 Nc8 26. Qe2 Rg6 27.
Bd2 Nd6 28. Bc3 Qe7 29. Rh5 Nf7 30. Nh4 Rg5 31. Nf5 Qf6 32. Rh2 b4 33. Bd2
Rxf5 34. exf5 e4 35. d4 Qxf5 36. Rh5 Ng5 37. g4 fxg3 38. Bxg5 hxg5 39. fxg3
cxd4 40. Qf1 d3+ 41. Kb1 Qe5 42. Qg2 d2 0-1

[Event "12th ECC Women"]
[Site "Kemer TUR"]
[Date "2007.10.06"]
[Round "4"]
[White "Khudaya,I"]
[Black "Eckhardt,C"]
[Result "1/2-1/2"]
[WhiteElo "2111"]
[BlackElo "2168"]
[EventDate "2007.10.03"]

1. g3 Nf6 2. Bg2 d5 3. f4 g6 4. Nf3 Bg7 5. O-O O-O 6. d3 c5 7. Qe1 d4 8. a4
Nc6 9. Na3 Nd5 10. Bd2 h6 11. b3 Be6 12. h3 Qc7 13. Nh4 Ne3 14. Bxe3 dxe3
15. Rb1 Nd4 16. Nf3 Rad8 17. Kh2 Bd5 18. Nb5 Qb8 19. c4 Bxf3 20. Bxf3 a6
21. Nxd4 Bxd4 22. b4 Qc7 23. bxc5 Rc8 24. Be4 e6 25. Qb4 Bxc5 26. Qc3 Rfd8
27. Qf6 Bd4 28. Qh4 Kg7 29. g4 b6 30. Kh1 Rh8 31. f5 Bf6 32. Qe1 h5 33. g5
Bxg5 34. fxg6 f5 35. Bf3 Bf6 36. Rg1 h4 37. Qb4 Rhe8 38. Rbf1 Qe5 39. Rb1
Qf4 40. Rg2 Qd4 41. Rgg1 Qf4 42. Rg2 Qc7 43. Rgg1 Be5 44. Rg5 Bf6 45. Rgg1
Qe5 46. Rg2 Qf4 47. Bc6 Red8 48. Bf3 Qc7 49. Rgg1 Qe5 50. Rg2 Qf4 1/2-1/2

[Event "12th ECC Women"]
[Site "Kemer TUR"]
[Date "2007.10.06"]
[Round "4"]
[White "Jahn,C"]
[Black "Savurko,A"]
[Result "1-0"]
[WhiteElo "2188"]
[BlackElo "2088"]
[EventDate "2007.10.03"]

1. e4 e6 2. d3 c5 3. g3 g6 4. Bg2 Bg7 5. f4 Nc6 6. Nf3 Nge7 7. O-O O-O 8.
c3 d6 9. Be3 Rb8 10. d4 cxd4 11. cxd4 d5 12. e5 Nf5 13. Bf2 h5 14. Nc3 b6
15. Re1 Ba6 16. a3 Na5 17. b4 Nc4 18. b5 Bb7 19. Nd2 Rc8 20. Nxc4 Rxc4 21.
Na2 Qd7 22. Rb1 Rfc8 23. h3 Bf8 24. a4 Qe7 25. g4 hxg4 26. hxg4 Nh4 27. Re3
Nxg2 28. Kxg2 Rc2 29. Re2 Rxe2 30. Qxe2 Qa3 31. f5 Qxa4 32. fxg6 fxg6 33.
Qd3 Qc2 34. Qxc2 Rxc2 35. Nb4 Rc4 36. Nd3 Bc8 37. Ra1 Rc7 38. Nf4 Kg7 39.
Bh4 Bd7 40. Bf6+ Kf7 41. Rh1 g5 42. Rh7+ Kg8 43. Rh8+ Kf7 44. Rh7+ Kg8 45.
Rh8+ Kf7 46. Nh3 Rc2+ 47. Kf3 Rc3+ 48. Kf2 Rxh3 49. Rxh3 Bxb5 50. Rh7+ Kg6
51. Rxa7 Be8 52. Rb7 b5 53. Rb8 Kf7 54. Bxg5 1-0

[Event "12th ECC Women"]
[Site "Kemer TUR"]
[Date "2007.10.06"]
[Round "4"]
[White "Steil Antoni,F"]
[Black "Madl,I"]
[Result "0-1"]
[WhiteElo "2104"]
[BlackElo "2381"]
[EventDate "2007.10.03"]

1. e4 e5 2. d4 exd4 3. Qxd4 Nc6 4. Qe3 g6 5. Nc3 Bg7 6. Bd2 Nge7 7. O-O-O
O-O 8. g4 d5 9. exd5 Nxd5 10. Qg3 Ncb4 11. Bg5 Qxg5+ 12. f4 Qxg4 13. Qxg4
Bxg4 14. Rd2 0-1

[Event "12th ECC Women"]
[Site "Kemer TUR"]
[Date "2007.10.06"]
[Round "4"]
[White "Boric,E"]
[Black "Klipper,R"]
[Result "1-0"]
[WhiteElo "2279"]
[BlackElo "2069"]
[EventDate "2007.10.03"]

1. d4 d5 2. Nf3 Nf6 3. Bf4 e6 4. e3 c5 5. c3 Nc6 6. Nbd2 Bd6 7. Bxd6 Qxd6
8. Bd3 O-O 9. O-O e5 10. dxe5 Nxe5 11. Nxe5 Qxe5 12. Nf3 Qc7 13. h3 b6 14.
Qa4 h6 15. Rfe1 Bb7 16. b4 a5 17. bxc5 bxc5 18. Rab1 Bc6 19. Qa3 Nd7 20.
Bf5 Rab8 21. Rbc1 Ne5 22. Qxc5 Nxf3+ 23. gxf3 Qe5 24. Bc2 Qf6 25. Rcd1 Rb5
26. Qa3 Qxf3 27. Qd6 Ba8 28. Rf1 Qe2 1-0

[Event "12th ECC Women"]
[Site "Kemer TUR"]
[Date "2007.10.06"]
[Round "4"]
[White "Van Weersel,A"]
[Black "Meseli,P"]
[Result "1-0"]
[WhiteElo "2174"]
[BlackElo "1936"]
[EventDate "2007.10.03"]

1. Nf3 f5 2. d3 Nf6 3. e4 fxe4 4. dxe4 Nxe4 5. Bd3 d5 6. Bxe4 dxe4 7. Qxd8+
Kxd8 8. Ng5 Ke8 9. Nc3 e5 10. Be3 Bb4 11. Ngxe4 Bf5 12. O-O-O Nd7 13. a3
Bxc3 14. Nxc3 c6 15. Rhe1 Kf7 16. h3 h5 17. Bg5 Rhe8 18. Re3 Nf6 19. Rde1
Nd7 20. Bh4 Re6 21. Rf3 Kg6 22. g4 hxg4 23. hxg4 Bxg4 24. Rg3 Kh5 25. Reg1
g5 26. Bxg5 Kxg5 27. Rxg4+ Kf6 28. Rg7 Nf8 29. Ne4+ Kf5 30. Ng3+ Kf6 31.
Rxb7 Re7 32. Ne4+ Ke6 33. Nc5+ Kd6 34. Rd1+ Kxc5 35. Rxe7 Ng6 36. Re6 Rg8
37. Rdd6 Nf4 38. Rxc6+ Kd5 39. Rcd6+ Ke4 40. Re7 Rg1+ 41. Rd1 Ne2+ 42. Kd2
1-0

[Event "12th ECC Women"]
[Site "Kemer TUR"]
[Date "2007.10.06"]
[Round "4"]
[White "Dincel,M"]
[Black "Bensdorp,L"]
[Result "1/2-1/2"]
[WhiteElo "1812"]
[BlackElo "2121"]
[EventDate "2007.10.03"]

1. c4 e5 2. Nc3 Bb4 3. Nd5 Bc5 4. e3 Nc6 5. Ne2 Nf6 6. Nec3 Nxd5 7. Nxd5 d6
8. a3 a5 9. g3 O-O 10. Bg2 Bf5 11. d3 Qd7 12. O-O Be6 13. Rb1 a4 14. Nc3
Nd8 15. Qc2 Bg4 16. Bd2 Ra6 17. Ne4 Bh3 18. d4 Bxg2 19. Kxg2 exd4 20. exd4
Bxd4 21. Ng5 g6 22. Bc3 Bxc3 23. Qxc3 Qf5 24. Nf3 Ne6 25. Rfe1 Rb6 26. Nd4
Nxd4 27. Qxd4 Rb3 28. Qe4 Qxe4+ 29. Rxe4 f5 30. Re7 Rf7 31. Re8+ Kg7 32.
Ra8 Re7 33. Kf1 Re4 34. Rxa4 b5 35. Ra7 Rxc4 36. Re1 Kf7 37. Re2 Rd3 38.
Rb7 Rd5 39. Kg2 g5 40. Rb8 Rcc5 41. Rh8 Kg7 42. Rb8 Re5 43. Rd2 Re7 44. b4
Rce5 45. Rc2 Kf6 46. Rc8 c5 47. bxc5 dxc5 48. R8xc5 Rxc5 49. Rxc5 Re5 50.
Rc6+ Re6 51. Rc5 1/2-1/2

[Event "12th ECC Women"]
[Site "Kemer TUR"]
[Date "2007.10.06"]
[Round "4"]
[White "Yanik,E"]
[Black "Gencer,O"]
[Result "1-0"]
[WhiteElo "2069"]
[BlackElo "1940"]
[EventDate "2007.10.03"]

1. d4 d5 2. Nf3 c6 3. Bf4 Qb6 4. Qc1 Bf5 5. e3 Nd7 6. Be2 Ngf6 7. h3 e6 8.
Nbd2 h6 9. O-O Be7 10. c4 O-O 11. c5 Qd8 12. b4 Ne4 13. Nxe4 Bxe4 14. Nd2
Bg6 15. a4 Bf6 16. Nf3 Re8 17. Qc3 Rc8 18. Rfc1 b6 19. Ba6 bxc5 20. bxc5
Be4 21. Bxc8 Qxc8 22. Ne5 Nxe5 23. Bxe5 Bd8 24. a5 Qa6 25. Ra3 Re7 26. Bg3
Rb7 27. f3 Bg6 28. Be1 Rb5 29. Rca1 Qb7 30. a6 Qb8 31. Ra4 Bg5 32. f4 Bd8
33. Rb4 Rxb4 34. Qxb4 Qxb4 35. Bxb4 Bd3 36. Ba5 Bxa5 37. Rxa5 f5 38. Kf2
Kf7 39. Ra3 Bc4 40. Kg3 Ke7 41. Kh4 g6 42. Ra1 Kf6 43. Kg3 Ke7 44. Kf3 Kf6
45. g4 Kf7 46. Rb1 Bb5 47. Kg3 Ke7 48. h4 fxg4 49. Kxg4 Kf6 50. h5 Bxa6 51.
hxg6 Kxg6 52. Ra1 1-0

[Event "12th ECC Women"]
[Site "Kemer TUR"]
[Date "2007.10.06"]
[Round "4"]
[White "Dincok,B"]
[Black "Acarbay,Al"]
[Result "0-1"]
[WhiteElo "1945"]
[BlackElo "1865"]
[EventDate "2007.10.03"]

1. e4 c5 2. Nf3 d6 3. d4 cxd4 4. Nxd4 Nf6 5. Nc3 a6 6. Bc4 b5 7. Bb3 Bb7 8.
O-O e6 9. Bg5 Nbd7 10. Bxe6 fxe6 11. Nxe6 Qb8 12. Nd5 Kf7 13. Bxf6 Nxf6 14.
Ng5+ Kg8 15. Qf3 Bxd5 16. exd5 Ra7 17. Qf5 Re7 18. Rfe1 Qe8 19. Kf1 Re5 20.
Rxe5 Qxe5 21. Qe6+ Qxe6 22. dxe6 h5 23. Nf7 Rh7 24. Rd1 d5 25. Rd3 Bc5 26.
f3 b4 27. c3 g5 28. cxb4 Bxb4 29. Nxg5 Rc7 30. Rb3 Rc1+ 31. Kf2 Bc5+ 32.
Kg3 d4 33. Rb7 d3 34. Ne4 Nxe4+ 35. fxe4 d2 36. Rd7 d1=Q 37. Rxd1 Rxd1 0-1

[Event "12th ECC Women"]
[Site "Kemer TUR"]
[Date "2007.10.06"]
[Round "4"]
[White "Sop,S"]
[Black "Tikir,H"]
[Result "1-0"]
[WhiteElo "1911"]
[BlackElo "1721"]
[EventDate "2007.10.03"]

1. c4 c5 2. Nc3 Nf6 3. g3 d5 4. cxd5 Nxd5 5. Bg2 Nc7 6. Nf3 Nc6 7. O-O e5
8. d3 Be7 9. a3 Rb8 10. Be3 O-O 11. Rc1 Bd7 12. Nd2 b6 13. Na4 Nd4 14. Re1
Re8 15. Nc3 Rc8 16. Nc4 f6 17. Nd5 Bf8 18. Nxc7 Rxc7 19. Bd2 Bc6 20. b4
Bxg2 21. Kxg2 Qd7 22. Bc3 Nc6 23. Qb3 Kh8 24. Qb2 Qe7 25. Rb1 e4 26. b5 Nd8
27. Qc2 Nb7 28. Ne3 exd3 29. Qxd3 Rd7 30. Qc2 Qe4+ 31. Qxe4 Rxe4 32. Red1
Rde7 33. Nf5 Rc7 34. Ne3 Nd6 35. Nd5 Rc8 36. Rd2 Nc4 37. Ra2 Re6 38. Nf4
Ree8 39. Nd5 Bd6 40. Rd1 Be5 41. Bxe5 Nxe5 42. Ne3 Rcd8 43. Rad2 Rxd2 44.
Rxd2 Kg8 45. a4 Kf8 46. f4 Nf7 47. Kf3 Re7 48. Nc4 Ke8 49. Nd6+ Nxd6 50.
Rxd6 Rd7 51. Re6+ Kf7 52. Re4 Re7 53. Rc4 g6 54. e4 Rd7 55. Ke2 Ke6 56. h3
h6 57. g4 g5 58. Ke3 gxf4+ 59. Kxf4 Rd4 60. Rc1 Rxa4 61. Rb1 Ra3 62. h4 c4
63. Rb4 c3 64. Rc4 Ra5 65. Rxc3 Rxb5 66. Rc6+ Kf7 67. Rc7+ Kg8 68. Rxa7 1-0

[Event "12th ECC Women"]
[Site "Kemer TUR"]
[Date "2007.10.07"]
[Round "5"]
[White "Skripchenko,A"]
[Black "Shaidullina,S"]
[Result "1/2-1/2"]
[WhiteElo "2438"]
[BlackElo "2296"]
[EventDate "2007.10.03"]

1. e4 c5 2. Nc3 e6 3. Nf3 Nc6 4. d4 cxd4 5. Nxd4 d6 6. g3 Nf6 7. Bg2 Be7 8.
Nxc6 bxc6 9. e5 Nd5 10. exd6 Bxd6 11. O-O Ba6 12. Re1 O-O 13. Ne4 Be7 14.
Bd2 Rb8 15. Rb1 c5 16. h4 Re8 17. b3 Bb7 18. Qe2 Nf6 19. Bf4 Bxe4 20. Bxe4
Nxe4 21. Qxe4 Rb4 22. c4 Qa8 23. Qe5 Rc8 24. Rbd1 Bf6 25. Qh5 Rb7 26. Be5
Bxe5 27. Qxe5 Qb8 28. Qc3 Rd8 29. Rxd8+ Qxd8 30. Re5 Qd6 31. Qe3 Rc7 32.
Re4 h6 33. Kh2 Kf8 34. Qc3 Rd7 35. Re2 Qd1 36. Qe3 Kg8 37. Kg2 Qd6 38. Qe4
Kf8 39. Re3 Kg8 40. Re2 Rd8 41. Re3 Qd2 42. Re2 1/2-1/2

[Event "12th ECC Women"]
[Site "Kemer TUR"]
[Date "2007.10.07"]
[Round "5"]
[White "Chistiakova,T"]
[Black "Socko,M"]
[Result "0-1"]
[WhiteElo "2363"]
[BlackElo "2473"]
[EventDate "2007.10.03"]

1. d4 Nf6 2. Nf3 e6 3. c4 b6 4. Nc3 Bb7 5. Bg5 h6 6. Bh4 Be7 7. e3 d5 8.
cxd5 Nxd5 9. Bxe7 Qxe7 10. Bb5+ c6 11. Nxd5 exd5 12. Bd3 Nd7 13. O-O O-O
14. Rc1 Nf6 15. Bf5 c5 16. Qa4 Bc8 17. Bb1 Bd7 18. Qa3 Rfc8 19. dxc5 bxc5
20. Nd4 Rc7 21. Nf5 Bxf5 22. Bxf5 Qe5 23. Bh3 c4 24. Rfd1 Rb8 25. b3 cxb3
26. axb3 Ne4 27. f4 Qh5 28. Qa5 Qe2 29. Qe1 Qxe1+ 30. Rxe1 Rxc1 31. Rxc1
Rxb3 32. Rc8+ Kh7 33. Bf5+ g6 34. Bxe4 dxe4 35. Rc7 Kg8 36. Rxa7 Rxe3 37.
Kf2 Rb3 38. Ra4 Rb2+ 39. Kf1 f5 40. Ra8+ Kf7 41. Ra7+ Ke6 42. Ra6+ Kd5 43.
Rxg6 e3 44. Rxh6 Rf2+ 45. Kg1 Rxf4 46. Ra6 Rc4 47. Kf1 f4 48. Ra2 Ke4 49.
Ke2 Rc1 50. Ra4+ Ke5 51. Ra8 Rc2+ 52. Kf1 Rf2+ 53. Kg1 Rb2 54. Kf1 Rf2+ 55.
Kg1 Rd2 56. Kf1 Ke4 57. h4 Rf2+ 58. Kg1 Rb2 59. Kf1 Rf2+ 60. Kg1 Rc2 61.
Kf1 Rc5 62. Rh8 Rc1+ 63. Ke2 Rc2+ 64. Kf1 Rf2+ 65. Kg1 Kd3 66. h5 Rb2 67.
Rd8+ Ke2 68. Rf8 Rb1+ 69. Kh2 Kd2 70. Rd8+ Ke1 71. Kh3 Kf2 72. Kg4 Rb4 73.
Kg5 Kxg2 74. h6 f3 75. h7 Rb5+ 76. Kg4 Rb4+ 77. Kg5 f2 78. h8=Q f1=Q 79.
Rg8 Qf3 80. Kh6+ Kf2 81. Qd4 0-1